| 000 -LEADER |
| fixed length control field |
01200 a2200253 4500 |
| 003 - CONTROL NUMBER IDENTIFIER |
| control field |
Nust |
| 005 - DATE AND TIME OF LATEST TRANSACTION |
| control field |
20230530103159.0 |
| 010 ## - LIBRARY OF CONGRESS CONTROL NUMBER |
| LC control number |
83007562 |
| 020 ## - INTERNATIONAL STANDARD BOOK NUMBER |
| International Standard Book Number |
0521245982 |
| 020 ## - INTERNATIONAL STANDARD BOOK NUMBER |
| International Standard Book Number |
052128810X (pbk.) |
| 040 ## - CATALOGING SOURCE |
| Transcribing agency |
Nust |
| 082 00 - DEWEY DECIMAL CLASSIFICATION NUMBER |
| Classification number |
005.133,ALC |
| 100 1# - MAIN ENTRY--PERSONAL NAME |
| Personal name |
Alcock, Donald, |
| 9 (RLIN) |
112860 |
| 245 10 - TITLE STATEMENT |
| Title |
Illustrating Fortran (the portable variety) / |
| Statement of responsibility, etc. |
Donald Alcock. |
| 260 ## - PUBLICATION, DISTRIBUTION, ETC. |
| Place of publication, distribution, etc. |
Cambridge [Cambridgeshire] ; |
| -- |
New York : |
| Name of publisher, distributor, etc. |
Cambridge University Press, |
| Date of publication, distribution, etc. |
1982. |
| 300 ## - PHYSICAL DESCRIPTION |
| Extent |
ix, 134 p. : |
| Other physical details |
ill. ; |
| Dimensions |
24 cm. |
| 500 ## - GENERAL NOTE |
| General note |
Includes index. |
| 505 ## - FORMATTED CONTENTS NOTE |
| Formatted contents note |
Introduction (Page-1), Structure (Page-11), Elements Of Fortran (Page-19), Control Within A Program Unit (Page-33), Arrays (Page-47), Simple Functions (Page-55), Function And Subroutine Subprograms (Page-65), Common Storage (Page-75), Initialization (Page-85), Input Output (Page-93), Files (Page-117), More Worked Examples (Page-123). |
| 650 #0 - SUBJECT ADDED ENTRY--TOPICAL TERM |
| Topical term or geographic name entry element |
Computer programming. |
| 650 #0 - SUBJECT ADDED ENTRY--TOPICAL TERM |
| Topical term or geographic name entry element |
FORTRAN (Computer program language) |
| 9 (RLIN) |
26734 |
| 856 42 - ELECTRONIC LOCATION AND ACCESS |
| Materials specified |
Publisher description |
| Uniform Resource Identifier |
<a href="http://www.loc.gov/catdir/description/cam022/83007562.html">http://www.loc.gov/catdir/description/cam022/83007562.html</a> |
| 856 42 - ELECTRONIC LOCATION AND ACCESS |
| Materials specified |
Table of contents |
| Uniform Resource Identifier |
<a href="http://www.loc.gov/catdir/toc/cam029/83007562.html">http://www.loc.gov/catdir/toc/cam029/83007562.html</a> |
| 942 ## - ADDED ENTRY ELEMENTS (KOHA) |
| Source of classification or shelving scheme |
|
| Koha item type |
Book |
| Call number prefix |
005.133,ALC |